000 00427nam a2200157Ia 4500
003 OSt
005 20230524150518.0
008 211028s2012 xx 000 0 und d
040 _cAIMIT LIBRARY
041 _aeng
100 _aJohn, Shreya; Vijay, Deborah.
_g101854
_99158
110 _aDeborah Vijay
_99159
245 _aStructure analysis of Eukaryotic conserved proteins.
260 _aMangalore
_c2012
942 _2ddc
_cPRO
999 _c220242
_d220242